000 00254nam a22001217a 4500
008 180914b xxu||||| |||| 00| 0 eng d
041 _aeng
080 _a591
100 _a7
101 _aZOO
245 _aParasitology
_cPjilips.R.G
942 _2udc
_cBK
999 _c47771
_d47771